| 000 | 00710nam a2200217Ii 4500 | ||
|---|---|---|---|
| 003 | JO-AjNU | ||
| 008 | 230605s9999||||xx |||||||||||||| ||und|| | ||
| 017 | _a2009/1865 | ||
| 020 | _a977-17-6581-7 | ||
| 040 |
_aJO-AjNU _bara _erda _cJO-AjNU |
||
| 041 | _aara | ||
| 050 | 1 | 4 | _aHG4521 2010 |
| 100 | 3 |
_aاعداد: جمعة، حسين محمد, _eauthor _933952 |
|
| 245 | 0 | 0 | _aالرهن والتمويل العقاري |
| 264 | 3 | 1 | _aد.م: المؤبف، 2010 |
| 300 |
_a144ص _bيحتوي على ببلوغرافية من 139-144ص |
||
| 336 |
_atext _btxt _2rdacontent |
||
| 337 |
_aunmediated _bn _2rdamedia |
||
| 338 |
_avolume _bnc _2rdacarrier |
||
| 650 | 4 |
_aالاستثمار -التمويل _933953 |
|
| 999 |
_aA13870 _c17438 _d17438 |
||